000 00368 a2200169 4500
001 169811
020 _a85-322-1645-5
040 _cMagnum
100 _aSouza, Sonia Maria Ribeiro de
240 1 0 _aUm outro olhar
_lpor
245 1 0 _aUm outro olhar
300 _a248
362 0 _a2000
440 1 _aFTD
697 _aFILOSOFIA E DISCIPLINAS AFINS
942 _cBK
999 _c169811
_d169811